| 000 | 00607nam a22002171i 4500 | ||
|---|---|---|---|
| 001 | bimo0000 | ||
| 003 | DO-SdBNP | ||
| 005 | 20220603074053.0 | ||
| 008 | 900725s1979 sp spa | ||
| 020 |
_a8471375664 _c |
||
| 040 |
_aBPMSU _bspa _cBPMSU |
||
| 082 |
_aR463 _bC968j 1979 _222 |
||
| 245 | 0 | 0 |
_aCultural junior / _cdirector Juan Salvat _h |
| 260 |
_aPamplona ; _bSalvat, _c1979 |
||
| 300 |
_a12 v. : _bil. col.; _c30 cm |
||
| 590 | _6Inventariado, 2022/VM | ||
| 650 | 4 |
_aEspañol _vDiccionarios. _x |
|
| 650 | 4 |
_aEspañol _xLéxico. |
|
| 700 | 1 |
_aSalvat, Juan _edirector |
|
| 942 |
_2ddc _cBK |
||
| 999 |
_c14216 _d14216 |
||